00512nam a2200205Ia 4500003000900000008004100009040001300050040001300063041000800076100001900084245002300103250001100126260001300137260000900150300001100159300001200170490001200182490000600194600010600200IT-RoPAU120407s9999 xx 000 0 und d aIT-RoPAU cIT-RoPAU aita aJacques Jomier aLa vita del Messia aTorino aMarietti c1968 a164 p. c24,5 cm aBiblica v1 a"Tit. orig.: La vie du Messie - Trad. R. Antonetto 1 - Gesù€ Cristo I - Antonetto Roberto 232"